Canciones más escuchadas de Eminem en Spotify - Estadísticas

Estadísticas generales
  • Esta prueba ha sido intentada 75 veces
  • La puntuación promedio es 8 de 20
Estadísticas de respuestas
Reproducciones Canción Intérpretes % Correcto
> 1.000.000.000 Lose Yourself Eminem
78%
> 1.000.000.000 Without Me Eminem
76%
> 800.000.000 The Real Slim Shady Eminem
74%
> 700.000.000 Stan Eminem feat. Dido
69%
> 700.000.000 Rap God Eminem
68%
> 1.000.000.000 Love The Way You Lie Eminem feat. Rihanna
66%
> 700.000.000 The Monster Eminem feat. Rihanna
62%
> 600.000.000 Mockingbird Eminem
59%
> 1.000.000.000 'Till I Collapse Eminem
46%
> 500.000.000 My Name Is Eminem
44%
> 800.000.000 Not Afraid Eminem
41%
> 300.000.000 Superman Eminem
41%
> 300.000.000 Sing For The Moment Eminem
21%
> 300.000.000 Beautiful Eminem
18%
> 400.000.000 No Love Eminem feat. Lil Wayne
16%
> 300.000.000 Just Lose It Eminem
15%
> 400.000.000 When I'm Gone Eminem
13%
> 500.000.000 Cleanin' Out My Closet Eminem
10%
> 300.000.000 Guts Over Fear Eminem feat. Sia
10%
> 300.000.000 Like Toy Soldiers Eminem
10%
No se encontraron pruebas coincidentes
Distribución de puntuación
Porcentaje de gente con cada puntuación
Porcentaje por número respondido
Historial de tus puntuaciones
No has intentado esta prueba.